[Event "US op 122nd"]
[Site "Rancho Mirage"]
[Date "2022.07.31"]
[Round "2"]
[White "Moradiabadi, Elshan"]
[Black "Hung, Anthony"]
[Result "1-0"]
[WhiteElo "2539"]
[BlackElo "1644"]
[PlyCount "73"]
[EventDate "2022.07.30"]
[EventType "swiss"]
[EventRounds "9"]
[EventCountry "USA"]
[SourceTitle "CBM 209 Extra"]
[Source "ChessBase"]
[SourceDate "2022.09.30"]
[SourceVersion "1"]
[SourceVersionDate "2022.09.30"]
[SourceQuality "1"]

1. d4 Nf6 2. c4 e6 3. Nf3 Bb4+ 4. Nbd2 0-0 5. a3 Bxd2+ 6. Bxd2 Ne4 7. Bf4 d5 8. Qc2 c6 9. e3 Nd7 10. Bd3 Ndf6 11. 0-0 h6 12. b4 Bd7 13. Ne5 Be8 14. f3 Nd6 15. c5 Nc8 16. h3 Nd7 17. a4 Nxe5 18. Bxe5 f6 19. Bg3 a6 20. Qb2 Ne7 21. Bd6 Rf7 22. e4 Nc8 23. e5 Nxd6 24. exd6 Bd7 25. Rfe1 b6 26. b5 bxc5 27. dxc5 axb5 28. axb5 cxb5 29. Rxa8 Qxa8 30. Bxb5 Qa5 31. Rb1 Bc6 32. Qb4 Qxb4 33. Rxb4 Rb7 34. Bxc6 Rxb4 35. d7 Rb8 36. Bb5 Kf8 37. c6 1-0